Shhh... Ini rahsia Amani, tau!

Bibliographic Details
Main Author: Nur Eradah Ishak
Format: Book
Published: Kuala Lumpur : Ana Muslim Sdn. Bhd. , 2015
Series:Siri novel Amani
Subjects:

MARC

LEADER 00000cam a2200000 7i4500
001 0000200091
005 20160105.0
020 |a 9789674490973 
090 0 0 |a JF   |b NUR 
100 1 |a Nur Eradah Ishak 
245 0 0 |a Shhh... Ini rahsia Amani, tau!   |c Nur Eradah Ishak 
260 |a Kuala Lumpur :   |b Ana Muslim Sdn. Bhd. ,   |c 2015 
300 |a 79p. :   |b ill. ;   |c 22cm. 
490 0 |a Siri novel Amani 
650 0 |a Children's stories, Malay 
999 |a 00314752   |b BUKU   |c PINJAMAN   |e PERPUSTAKAAN KOMUNITI PETALING JAYA 
999 |a 00321052   |b BUKU   |c PINJAMAN   |e PERPUSTAKAAN KOMUNITI PETALING JAYA 
999 |a 00321053   |b BUKU   |c PINJAMAN   |e PERPUSTAKAAN KOMUNITI PETALING JAYA 
999 |a 00321054   |b BUKU   |c PINJAMAN   |e PERPUSTAKAAN KOMUNITI CAW KOTA DAMANSARA 
999 |a 00381303   |b BUKU   |c PINJAMAN   |e MOBILE LIBRARY PKPJ 
999 |a 00381304   |b BUKU   |c PINJAMAN   |e MOBILE LIBRARY PKPJ 
999 |a 00403810   |b BUKU   |c PINJAMAN   |e PERPUSTAKAAN KOMUNITI PETALING JAYA